000 nam a22 7a 4500
999 _c45721
_d45721
003 OSt
005 20190406124353.0
008 190406b xxu||||| |||| 00| 0 eng d
040 _csero soft
100 _aRoss,James S
245 _aRoss,James s
260 _aDelhi
_bSurjeet
300 _a495
942 _2ddc
_c02